000 00315nam a22001337a 4500
008 171101b xxu||||| |||| 00| 0 eng d
020 _a0132836238
041 _aeng
080 _a33
100 _a59
101 _aBUS
245 _aESSAYS ON ETHICS IN BUSINESS AND THE PROFESSIONS
_cBEHRMAN,J.N
942 _2udc
_cBK
999 _c36964
_d36964